00849pam a2200241 a 4500001000500000005001700005020001800022040002300040050002400063082001200087100002100099245007200120260004700192300004100239505000800280520018200288521002000470521002000490650002200510650001900532650002200551700003400573128720231212151559.0 a9780590687300 aDLCcDLCdDLCbeng10aPZ7.C5792bRaf 198200aFic2201 aCleary, Beverly.10aRalph S. Mouse /cBeverly Cleary ; illustrated by Paul O. Zelinsky. aSanta Barbara, Calif. :bScholasticc1982. a160 pages :bIllustrations ;c20 cm. aW  aPresents the further adventures of a motorcycle-riding mouse who goes to school and becomes the instigator of an investigation of rodents and the peacemaker for two lonely boys. a860 bLexile  aW bRaz-Plus  0aLarge type books. 1aMicexFiction. 1aLarge type books.1 aZelinsky, Paul OeIllustrator